Statistiques concernant Drapeaux des cantons suisses

Cliquez ici pour prendre le quiz!

Statistiques générales

  • Ce quiz a été pris 1 776 fois
    (1 575 depuis la dernière actualisation)
  • Le résultat moyen est 17 sur 26

Statistiques - réponses

Réponse% Correct
Berne
89%
Uri
86%
Vaud
76%
Fribourg
75%
Zurich
75%
Genève
72%
Valais
71%
Bâle-Campagne
70%
Bâle-Ville
70%
Lucerne
70%
Schwytz
69%
Neuchâtel
68%
Glaris
67%
Obwald
66%
Nidwald
65%
Jura
63%
Tessin
62%
Zoug
61%
Saint-Gall
58%
Soleure
57%
Argovie
52%
Grisons
50%
Schaffhouse
48%
Thurgovie
43%
Appenzell Rhodes-Intérieures
41%
Appenzell Rhodes-Extérieures
40%

Distribution des résultats

Percentile par nombre de réponses

% des personnes avec chaque résultat

Votre développement - résultats

Vous n’avez pas pris ce quiz depuis la dernière actualisation